[Event "CYP-ch op"]
[Site "Nicosia"]
[Date "2022.02.23"]
[Round "6"]
[White "Artemiou, Giorgos"]
[Black "Georgiou, Andreas"]
[Result "1/2-1/2"]
[WhiteElo "1255"]
[BlackElo "1696"]
[PlyCount "117"]
[EventDate "2022.02.04"]
[EventType "swiss"]
[EventRounds "9"]
[EventCountry "CYP"]
[SourceTitle "EXT 2024"]
[Source "ChessBase"]
[SourceDate "2023.10.10"]
[SourceVersion "1"]
[SourceVersionDate "2023.10.10"]
[SourceQuality "1"]

1. e4 c6 2. d4 d5 3. f3 dxe4 4. fxe4 e5 5. c3 Nf6 6. Bg5 Be7 7. Bxf6 Bxf6 8. Nf3 Bg4 9. d5 0-0 10. c4 Qb6 11. Nbd2 Bg5 12. Be2 Be3 13. Qb3 Nd7 14. Qxb6 axb6 15. Nf1 Bc5 16. N3d2 f5 17. Bxg4 fxg4 18. Ng3 Rf2 19. Rg1 Raf8 20. 0-0-0 R8f4 21. Rdf1 Be3 22. Rxf2 Rxf2 23. Ngf1 Nc5 24. Nxe3 Nd3+ 25. Kd1 Nxb2+ 26. Kc2 Na4 27. Nxg4 Rf4 28. Nxe5 cxd5 29. cxd5 Nc5 30. Rf1 Rh4 31. d6 Rxh2 32. d7 Ne6 33. Rf2 Rh5 34. Nd3 Ra5 35. Nf4 Nd4+ 36. Kd3 Nc6 37. Ne6 Ne5+ 38. Kd4 Nxd7 39. Nc4 Ra4 40. Kc3 h6 41. Rd2 Nf6 42. e5 Ne4+ 43. Kb3 Nxd2+ 44. Kxa4 Nxc4 45. Kb5 Nxe5 46. Kxb6 Kf7 47. Nd8+ Ke7 48. Nxb7 Kd7 49. a4 g5 50. a5 g4 51. Nc5+ Kd6 52. Ne4+ Kd7 53. Nf6+ Kc8 54. a6 Kb8 55. a7+ Ka8 56. Nd5 Nd7+ 57. Ka6 Nc5+ 58. Kb6 Ne6 59. Ka6 1/2-1/2